| 000 | 00970nam a2200253Ia 4500 | ||
|---|---|---|---|
| 003 | OSt | ||
| 005 | 20221005104937.0 | ||
| 006 | a|||||r|||| 00| 0 | ||
| 007 | ta | ||
| 008 | 221004b |||||||| |||| 00| 0 hin d | ||
| 020 |
_a9788185999883 (hbk) _c295 |
||
| 024 | _a101574 | ||
| 037 |
_b368, 04/03/2010, Swaraj Prakashan _cTextual |
||
| 040 |
_aCRL _cCRL _bhin |
||
| 041 |
_2hin _ahin |
||
| 082 | _aO152,1I00:g, Q0 | ||
| 100 | _aकॅंवल भारती | ||
| 245 | 0 | _aआजीवक परम्परा और कबीर अर्थात् दलितधर्म की खोज | |
| 246 | _aĀjīvak paramparā aur kabīr arthāt dalitadharma kī khoja | ||
| 260 |
_aदिल्ली _bस्वराज प्रकाशन भारत _c2010 |
||
| 300 |
_a159पृ0 _ccm. |
||
| 942 |
_hO152,1I00:g, Q0 _cTEXL _2cc |
||
| 999 |
_c1014270 _d1014270 |
||